LEADER 02298nam 2200421z- 450 001 9910404063703321 005 20210211 035 $a(CKB)4100000011302417 035 $a(oapen)https://directory.doabooks.org/handle/20.500.12854/41630 035 $a(oapen)doab41630 035 $a(EXLCZ)994100000011302417 100 $a20202102d2012 |y 0 101 0 $aspa 135 $aurmn|---annan 181 $ctxt$2rdacontent 182 $cc$2rdamedia 183 $acr$2rdacarrier 200 00$aAutoctoni?a, poder local y espacio global frente a la nocio?n de ciudadani?a 210 $cPublicacions i Edicions de la Universitat de Barcelona$d2012 215 $a1 online resource (384 p.) 225 1 $aCol·lecció Estudis d'Antropologia Social i Cultural 311 08$a84-475-3556-8 330 $aAutoctoni?a, poder local y espacio global frente a la nocio?n de ciudadani?a pretende actualizar los a?mbitos, los actores, las relaciones y los procesos que deberi?an configurar una etnografi?a contempora?nea de los pueblos indi?genas abordada desde la complejidad que pueden procurar las ciencias sociales. Su principal aportacio?n es demostrar que el constatado viraje, entre los an?os 1980-1990, de las relaciones de los pueblos indi?genas con el Estado deberi?a conllevar una revisio?n, e incluso un replanteamiento, de las perspectivas, las preguntas y los debates sobre estas realidades sociales y culturales. La presente obra es fruto de un ciclo de conferencias que, bajo el mismo ti?tulo, tuvo lugar en Barcelona en 2010, por lo que no solo reu?ne estudios de investigadores de acreditada solvencia, sino que en cierta forma se hace eco del debate ulterior que suscito? la presentacio?n pu?blica de dichos trabajos. 606 $aAnthropology$2bicssc 610 $aAbori?gens 610 $aAme?rica Llatina 610 $aAntropologia social 610 $aCongressos 610 $aEtnografia 610 $aIdentitat col·lectiva 610 $aParticipacio? ciutadana 615 7$aAnthropology 701 $aCeligueta$b Gemma$01243277 701 $aOrobitg$b Gemma$01372041 906 $aBOOK 912 $a9910404063703321 996 $aAutoctoni?a, poder local y espacio global frente a la nocio?n de ciudadani?a$93401890 997 $aUNINA LEADER 05586nam 2200529 a 450 001 9910963980203321 005 20250609110647.0 010 $a92-9014-897-7 035 $a(CKB)2550000000065372 035 $a(OCoLC)682614226 035 $a(CaPaEBR)ebrary10512096 035 $a(MiAaPQ)EBC3012406 035 $a(MiAaPQ)EBC797571 035 $a(BIP)50338442 035 $a(BIP)27987475 035 $a(EXLCZ)992550000000065372 100 $a20150424d2009 u|| 0 101 0 $aeng 135 $aur|||---||||| 181 $ctxt$2rdacontent 182 $cc$2rdamedia 183 $acr$2rdacarrier 200 10$aBlunting Neoliberalism $eTripartism and Economic Reforms in the Developing World /$fedited by Lydia Fraile 205 $a1st ed. 210 $aWashington, DC, USA$cInternational Labour Office$d20091201 210 $aBasingstoke, UK ;$aNew York $cPalgrave Macmillan ;$aGeneva $cILO$d2009 210 $cInternational Labour Office 215 $a1 online resource (257 p.) 311 08$a92-9014-896-9 320 $aIncludes bibliographical references and index. 327 $aCover -- Half title page -- The International Labour Organization -- Title page -- Copyright information -- CONTENTS -- List of Tables -- 1.1 Key features of tripartism in the countries under study -- 1.2 Union density and bargaining coverage in the mid-1990s -- 1.3 Impact of tripartism on reforms and policies -- 2.1 Qualitative features of tripartism in Slovenia and Poland -- 2.2 The impact of tripartism on specific reforms -- 2.3 Annual inflation rate (%) -- 2.5 Real wages and productivity -- 2.6 Initial conditions and reform progress in CEE -- 2.7 Restructuring indices, 1994-8 -- 2.8 Total long-term unemployment rate (%) -- 3.1 Ten major agenda items in tripartite agreement -- 3.2 Macroeconomic conditions before and after the oil crisis -- 3.3 Wages during the oil crisis -- 3.4 CPF contributions in Singapore (as percentage of income), selected years -- 3.5 Per capita comparative GDP growth rates, before and after crisis -- 4.1 General strikes -- 4.2 Key characteristics of tripartism -- 4.3 Impact of tripartism on reforms and policies -- 5.1 Levels of wage settlement (LWS) against Consumer Price Index (CPI),1990-2003 -- 5.2 Key features of tripartism in Zimbabwe and South Africa -- 5.3 Impact of tripartism on reforms and policies -- List of Figures -- 2.1 Misery index, 1993-2004 -- 2.2 Unemployment in the EU countries -- 2.3 Total employment rate (%) -- 2.4 Annual GDP growth rate (%) -- 2.5 Lifelong learning, total -- 3.1 Percent change in unit labour costs -- 4.1 Uruguay: Strikes (days lost) -- 4.2 Chile: Unionization and collective bargaining coverage (%) -- 4.3 Uruguay: Real wages, December each year, base index December 2002 = 100 -- 4.4 Uruguay: Main economic indicators 1996-2007 -- 4.5 Chile: Real minimum wage growth, base index 100 = 1989-90 -- 5.1 GDP growth (%) -- 5.2 Unemployment rate (%). 327 $a5.3 Rapid growth of the broker sector in the past ten years -- 5.4 The flexible worlds of work -- Acknowledgements -- Preface -- Notes on the Contributors -- List of Acronyms -- 1 Introduction, Lydia Fraile and Lucio Baccaro -- 1.1 The general argument -- 1.2 Research approach and hypotheses -- 1.3 Overview of the evidence from the case studies -- 1.4 Conclusion -- 2 Tripartism and Economic Reforms in Slovenia and Poland, Sabina Avdagic -- 2.1 The development of tripartism in Slovenia and Poland -- 2.2 The impact of tripartism on reforms and policies -- 2.3 Tripartism and socio-economic outcomes -- 2.4 Conclusion -- 3 Tripartism and Economic Reforms in Singapore and the Republicof Korea, Sarosh Kuruvilla and Mingwei Liu -- 3.1 Introduction -- 3.2 Economic development in Singapore and the Republic of Korea -- 3.3 Origin and development of tripartism in Singapore and the Republic of Korea -- 3.4 The effect of tripartism on economic restructuring: Cases in Singapore and the Republic of Korea -- 3.5 Conclusions -- 4 Tripartism and Economic Reforms in Uruguay and Chile, Gonzalo Falabella and Lydia Fraile -- 4.1 Introduction -- 4.2 Tripartism in Uruguay: Origins and evolution -- 4.3 Tripartism in Chile -- 4.4 Impact of tripartism on reforms and policies -- 4.5 Conclusion -- 5 Tripartism and Economic Reforms in South Africa and Zimbabwe, Edward Webster and Dinga Sikwebu -- 5.1 Introduction -- 5.2 Tripartism in South Africa -- 5.3 Tripartism in Zimbabwe -- 5.4 Conclusion -- Index -- Back cover. 330 $aBlunting neoliberalism is, to our knowledge, the first book to consider the impact of tripartism across the developing world. Tripartism refers to the consultation and negotiation of public policies between government, business and labour. The volume covers eight case studies from Africa, Asia, Eastern Europe and Latin America, focusing on developments since the 1990s. These studies show that, when relatively strong, tripartism had the effect of reducing the social impact of neoliberal economic reforms, making reforms more equitable and politically sustainable. This is a co-publication with Palgrave Macmillan. 606 $aNeoliberalism$zDeveloping countries 606 $aSOCIAL SCIENCE$2bisac 606 $aGeneral$2bisac 607 $aDeveloping countries$xEconomic policy$xCitizen participation 615 0$aNeoliberalism 615 7$aSOCIAL SCIENCE 615 7$aGeneral 676 $a338.9009172/4 700 $aFraile$b Lydia$01822070 801 2$bAzTeS 906 $aBOOK 912 $a9910963980203321 996 $aBlunting Neoliberalism$94388130 997 $aUNINA LEADER 05180oam 2201249 c 450 001 9910404127603321 005 20260302090207.0 010 $a9783839421352 010 $a3839421357 024 7 $a10.14361/transcript.9783839421352 035 $a(CKB)2550000001337756 035 $a(EBL)1918293 035 $a(SSID)ssj0001336344 035 $a(PQKBManifestationID)11848500 035 $a(PQKBTitleCode)TC0001336344 035 $a(PQKBWorkID)11296951 035 $a(PQKB)10279052 035 $a(MiAaPQ)EBC1918293 035 $a(DE-B1597)395278 035 $a(OCoLC)885022019 035 $a(OCoLC)979754961 035 $a(OCoLC)987945968 035 $a(OCoLC)992527394 035 $a(DE-B1597)9783839421352 035 $a(MiAaPQ)EBC6695207 035 $a(Au-PeEL)EBL6695207 035 $a(OCoLC)900345668 035 $a(transcript Verlag)9783839421352 035 $a(oapen)https://directory.doabooks.org/handle/20.500.12854/31309 035 $a(ScCtBLL)f81b8644-9662-48c8-86b0-9eb575f8042d 035 $a(Perlego)1527796 035 $a(oapen)doab31309 035 $a(EXLCZ)992550000001337756 100 $a20260302h20142012 uy 0 101 0 $ager 135 $aur|n|---||||| 181 $ctxt 182 $cc 183 $acr 200 10$aMigration als Bildungsherausforderung$eSubjektivierung und Diskriminierung im Spiegel von Migrationsbiographien$fNadine Rose 205 $a1st ed. 210 $aBielefeld$ctranscript Verlag$d2014 210 $d2014, c2012 215 $a1 online resource (477 p.) 225 0 $aTheorie Bilden 300 $aDescription based upon print version of record. 311 08$a9783837621358 311 08$a3837621359 311 08$a9781306997911 311 08$a1306997917 320 $aIncludes bibliographical references. 327 $a1 Editorial 2 Inhalt 5 Danksagung 7 Einleitung: Zu den Herausforderungen (in) einer Migrationsgesellschaft 9 Anna?herung an ein Forschungsfeld: Migration und Bildung 27 Theoretische Grundlagen 89 Methodologie und Methode 221 Darstellung der empirischen Ergebnisse: Ein Fallvergleich 273 Schluss: Migration als Bildungsherausforderung fu?r wen? 409 Literatur 419 Anhang 465 474 330 $aWie lassen sich Subjektivierungsprozesse von »Migrationsanderen« rekonstruktiv erschließen und mit Begriffen der Butler'schen Subjekttheorie fassen? Am Beispiel biographischer Erzählungen vermittelt Nadine Rose Einsichten in Subjektbildungsprozesse von männlichen Jugendlichen aus Einwandererfamilien. Dabei werden implizite und explizite Anrufungen als »Andere« nicht nur als individuelle Herausforderungen gezeigt, sondern auch als Bildungsherausforderung für die Mehrheitsgesellschaft markiert. Die migrationspädagogische und bildungstheoretische Perspektive der Studie bietet dabei Einblicke in schulische und alltägliche Praxen der resignifizierenden Positionierung und Differenzierung. 330 1 $aBesprochen in: IDA-NRW, 18/3 (2012)BZgA-InfoDienst Migration, 4 (2012)lehrerbibliothek.de, 1 (2013), Dieter Bach 330 1 $a»Nadine Roses Arbeit fügt sich ein in die mittlerweile immerhin wachsenden Bemühungen in den Bildungs- und Erziehungswissenschaften, den Aspekten der Subjektivierung und Diskriminierung bei den Migrations- und Integrationsprozessen in der EINEN WELT Aufmerksamkeit zu widmen.« 410 0$aTheorie bilden ;$vBand 29. 517 2 $aRose, Migration als Bildungs.$eSubjektivierung und Diskriminierung im Spiegel von Migrationsbiographien 606 $aBildung 606 $aEducation 606 $aMigration 606 $aBiographie 606 $aSocial Inequality 606 $aEmpirie 606 $aSocial Pedagogy 606 $aTheorie 606 $aSociology of Education 606 $aSubjektivierung 606 $aPedagogy 606 $aDiskriminierung 606 $aAnrufung 606 $aIdentifizierung 606 $aResignifizierung 606 $aJudith Butler 606 $aSoziale Ungleichheit 606 $aSozialpädagogik 606 $aBildungssoziologie 606 $aPädagogik 615 4$aBildung 615 4$aEducation 615 4$aMigration 615 4$aBiographie 615 4$aSocial Inequality 615 4$aEmpirie 615 4$aSocial Pedagogy 615 4$aTheorie 615 4$aSociology of Education 615 4$aSubjektivierung 615 4$aPedagogy 615 4$aDiskriminierung 615 4$aAnrufung 615 4$aIdentifizierung 615 4$aResignifizierung 615 4$aJudith Butler 615 4$aSoziale Ungleichheit 615 4$aSozialpädagogik 615 4$aBildungssoziologie 615 4$aPädagogik 676 $a918.1092368 686 $aDU 6000$2rvk 700 $aRose$b Nadine$p

Nadine Rose, Universität Bremen, Deutschland

$4aut 712 02$aBundesinstitut für Berufsbildung (BIBB)$4fnd$4http://id.loc.gov/vocabulary/relators/fnd 801 0$bDE-B1597 801 1$bDE-B1597 906 $aBOOK 912 $a9910404127603321 996 $aMigration als Bildungsherausforderung$92027078 997 $aUNINA